Effect of weeding frequency and fertilizer rates on the growth performance and budding successes of Hevea Rootstock seedling in a humid forest area of South Eastern Nigeria (Record no. 58242)

MARC details
000 -LEADER
fixed length control field 00601nam a2200121Ia 4500
100 ## - MAIN ENTRY--AUTHOR NAME
Personal name Esekhade T U
245 #0 - TITLE STATEMENT
Title Effect of weeding frequency and fertilizer rates on the growth performance and budding successes of Hevea Rootstock seedling in a humid forest area of South Eastern Nigeria
260 ## - PUBLICATION, DISTRIBUTION, ETC. (IMPRINT)
Name of publisher IRC 2012. International Rubber Conference, 28-31 October 2012, Kovalam, India, Rubber Research Institute of India, Kottayam and IRRDB, Malaysia: Abstracts. pp.134.
650 ## - SUBJECT ADDED ENTRY--TOPICAL TERM
Topical Term Rootstock seedling
650 ## - SUBJECT ADDED ENTRY--TOPICAL TERM
Topical Term Weeding frequency
942 ## - ADDED ENTRY ELEMENTS (KOHA)
Koha item type Journals
Holdings
Withdrawn status Lost status Damaged status Not for loan Home library Current library Shelving location Date acquired Koha item type
      Journals RRII Library RRII Library Crop management 07/05/2013 Journals